<?xml version="1.0" encoding="UTF-8"?>
<record
    xmlns:xsi="http://www.w3.org/2001/XMLSchema-instance"
    xsi:schemaLocation="http://www.loc.gov/MARC21/slim http://www.loc.gov/standards/marcxml/schema/MARC21slim.xsd"
    xmlns="http://www.loc.gov/MARC21/slim">

  <leader>01109nam a22003017a 4500</leader>
  <controlfield tag="005">20260416114509.0</controlfield>
  <controlfield tag="008">260416b        sp ||||| |||| 00| 0 spa d</controlfield>
  <datafield tag="020" ind1=" " ind2=" ">
    <subfield code="a">8477510210 (obra completa)</subfield>
  </datafield>
  <datafield tag="020" ind1=" " ind2=" ">
    <subfield code="a">8477510202 (vol. 1)</subfield>
  </datafield>
  <datafield tag="020" ind1=" " ind2=" ">
    <subfield code="a">8477510229 (vol. 2)</subfield>
  </datafield>
  <datafield tag="020" ind1=" " ind2=" ">
    <subfield code="a">8477510237 (vol. 3)</subfield>
  </datafield>
  <datafield tag="020" ind1=" " ind2=" ">
    <subfield code="a">8477510245 (vol. 4)</subfield>
  </datafield>
  <datafield tag="020" ind1=" " ind2=" ">
    <subfield code="a">8477510253 (vol. 5)</subfield>
  </datafield>
  <datafield tag="020" ind1=" " ind2=" ">
    <subfield code="a">8477510261 (vol. 6)</subfield>
  </datafield>
  <datafield tag="020" ind1=" " ind2=" ">
    <subfield code="a">847751027X (vol. 7)</subfield>
  </datafield>
  <datafield tag="020" ind1=" " ind2=" ">
    <subfield code="a">8477510288 (vol. 8)</subfield>
  </datafield>
  <datafield tag="020" ind1=" " ind2=" ">
    <subfield code="a">8477510296 (vol. 10)</subfield>
  </datafield>
  <datafield tag="050" ind1="0" ind2="4">
    <subfield code="a">RC81.A2</subfield>
    <subfield code="b">P74 1992</subfield>
  </datafield>
  <datafield tag="245" ind1="0" ind2="0">
    <subfield code="a">Prevenir y vivir : </subfield>
    <subfield code="b">el m&#xE9;dico responde</subfield>
  </datafield>
  <datafield tag="250" ind1=" " ind2=" ">
    <subfield code="a">1a ed.</subfield>
  </datafield>
  <datafield tag="260" ind1=" " ind2=" ">
    <subfield code="a">Barcelona : </subfield>
    <subfield code="b">Planeta Internacional, </subfield>
    <subfield code="c">1992.</subfield>
  </datafield>
  <datafield tag="300" ind1=" " ind2=" ">
    <subfield code="a">9 V. : </subfield>
    <subfield code="b">il. ; </subfield>
    <subfield code="c">29 cm.</subfield>
  </datafield>
  <datafield tag="504" ind1=" " ind2=" ">
    <subfield code="a">Incluye bibliograf&#xED;a e indice</subfield>
  </datafield>
  <datafield tag="505" ind1=" " ind2=" ">
    <subfield code="t">V.1 - a-canc --</subfield>
    <subfield code="t">V.2 - cand-don --</subfield>
    <subfield code="t">V.3 - drog-fot -- </subfield>
    <subfield code="t">V.4 - frac-infa --</subfield>
    <subfield code="t">V.5 - infe-med --</subfield>
    <subfield code="t">V.6 - med-pad --</subfield>
    <subfield code="t">V.7 - pad-rab --</subfield>
    <subfield code="t">V.8 - rad-term --</subfield>
    <subfield code="t">V.9 - term-zum</subfield>
  </datafield>
  <datafield tag="650" ind1=" " ind2="7">
    <subfield code="2">lemb</subfield>
    <subfield code="a">Salud </subfield>
    <subfield code="v">Enciclopedias y diccionarios</subfield>
  </datafield>
  <datafield tag="650" ind1=" " ind2="7">
    <subfield code="2">lemb</subfield>
    <subfield code="a">Diccionarios m&#xE9;dicos </subfield>
    <subfield code="v">Enciclopedias y diccionarios</subfield>
  </datafield>
  <datafield tag="942" ind1=" " ind2=" ">
    <subfield code="2">lcc</subfield>
    <subfield code="c">LIB</subfield>
  </datafield>
  <datafield tag="999" ind1=" " ind2=" ">
    <subfield code="c">172741</subfield>
    <subfield code="d">172739</subfield>
  </datafield>
  <datafield tag="952" ind1=" " ind2=" ">
    <subfield code="1">0</subfield>
    <subfield code="2">lcc</subfield>
    <subfield code="4">0</subfield>
    <subfield code="7">0</subfield>
    <subfield code="a">LIC-012</subfield>
    <subfield code="b">LIC-012</subfield>
    <subfield code="c">CONSULTA</subfield>
    <subfield code="d">2026-04-16</subfield>
    <subfield code="f">1a ed.</subfield>
    <subfield code="h">V.1 </subfield>
    <subfield code="k">CS</subfield>
    <subfield code="l">0</subfield>
    <subfield code="o">RC81.A2 P74 1992</subfield>
    <subfield code="p">ENT000005198</subfield>
    <subfield code="r">2026-04-16 11:51:37</subfield>
    <subfield code="t">1</subfield>
    <subfield code="v">1.00</subfield>
    <subfield code="y">LIB</subfield>
  </datafield>
  <datafield tag="952" ind1=" " ind2=" ">
    <subfield code="1">0</subfield>
    <subfield code="2">lcc</subfield>
    <subfield code="4">0</subfield>
    <subfield code="7">0</subfield>
    <subfield code="a">LIC-012</subfield>
    <subfield code="b">LIC-012</subfield>
    <subfield code="c">CONSULTA</subfield>
    <subfield code="d">2026-04-16</subfield>
    <subfield code="f">1a ed.</subfield>
    <subfield code="h">V.2</subfield>
    <subfield code="k">CS</subfield>
    <subfield code="l">0</subfield>
    <subfield code="o">RC81.A2 P74 1992</subfield>
    <subfield code="p">ENT000005199</subfield>
    <subfield code="r">2026-04-16 11:51:00</subfield>
    <subfield code="t">1</subfield>
    <subfield code="v">1.00</subfield>
    <subfield code="y">LIB</subfield>
  </datafield>
  <datafield tag="952" ind1=" " ind2=" ">
    <subfield code="1">0</subfield>
    <subfield code="2">lcc</subfield>
    <subfield code="4">0</subfield>
    <subfield code="7">0</subfield>
    <subfield code="a">LIC-012</subfield>
    <subfield code="b">LIC-012</subfield>
    <subfield code="c">CONSULTA</subfield>
    <subfield code="d">2026-04-16</subfield>
    <subfield code="f">1a ed.</subfield>
    <subfield code="h">V.3</subfield>
    <subfield code="k">CS</subfield>
    <subfield code="l">0</subfield>
    <subfield code="o">RC81.A2 P74 1992</subfield>
    <subfield code="p">ENT000005200</subfield>
    <subfield code="r">2026-04-16 11:51:00</subfield>
    <subfield code="t">1</subfield>
    <subfield code="v">1.00</subfield>
    <subfield code="y">LIB</subfield>
  </datafield>
  <datafield tag="952" ind1=" " ind2=" ">
    <subfield code="1">0</subfield>
    <subfield code="2">lcc</subfield>
    <subfield code="4">0</subfield>
    <subfield code="7">0</subfield>
    <subfield code="a">LIC-012</subfield>
    <subfield code="b">LIC-012</subfield>
    <subfield code="c">CONSULTA</subfield>
    <subfield code="d">2026-04-16</subfield>
    <subfield code="f">1a ed.</subfield>
    <subfield code="h">V.4</subfield>
    <subfield code="k">CS</subfield>
    <subfield code="l">0</subfield>
    <subfield code="o">RC81.A2 P74 1992</subfield>
    <subfield code="p">ENT000005201</subfield>
    <subfield code="r">2026-04-16 11:51:00</subfield>
    <subfield code="t">1</subfield>
    <subfield code="v">1.00</subfield>
    <subfield code="y">LIB</subfield>
  </datafield>
  <datafield tag="952" ind1=" " ind2=" ">
    <subfield code="1">0</subfield>
    <subfield code="2">lcc</subfield>
    <subfield code="4">0</subfield>
    <subfield code="7">0</subfield>
    <subfield code="a">LIC-012</subfield>
    <subfield code="b">LIC-012</subfield>
    <subfield code="c">CONSULTA</subfield>
    <subfield code="d">2026-04-16</subfield>
    <subfield code="f">1a ed.</subfield>
    <subfield code="h">V5</subfield>
    <subfield code="k">CS</subfield>
    <subfield code="l">0</subfield>
    <subfield code="o">RC81.A2 P74 1992</subfield>
    <subfield code="p">ENT000005202</subfield>
    <subfield code="r">2026-04-16 11:51:00</subfield>
    <subfield code="t">1</subfield>
    <subfield code="v">1.00</subfield>
    <subfield code="y">LIB</subfield>
  </datafield>
  <datafield tag="952" ind1=" " ind2=" ">
    <subfield code="1">0</subfield>
    <subfield code="2">lcc</subfield>
    <subfield code="4">0</subfield>
    <subfield code="7">0</subfield>
    <subfield code="a">LIC-012</subfield>
    <subfield code="b">LIC-012</subfield>
    <subfield code="c">CONSULTA</subfield>
    <subfield code="d">2026-04-16</subfield>
    <subfield code="f">1a ed.</subfield>
    <subfield code="h">V.6</subfield>
    <subfield code="k">CS</subfield>
    <subfield code="l">0</subfield>
    <subfield code="o">RC81.A2 P74 1992</subfield>
    <subfield code="p">ENT000005203</subfield>
    <subfield code="r">2026-04-16 11:51:00</subfield>
    <subfield code="t">1</subfield>
    <subfield code="v">1.00</subfield>
    <subfield code="y">LIB</subfield>
  </datafield>
  <datafield tag="952" ind1=" " ind2=" ">
    <subfield code="1">0</subfield>
    <subfield code="2">lcc</subfield>
    <subfield code="4">0</subfield>
    <subfield code="7">0</subfield>
    <subfield code="a">LIC-012</subfield>
    <subfield code="b">LIC-012</subfield>
    <subfield code="c">CONSULTA</subfield>
    <subfield code="d">2026-04-16</subfield>
    <subfield code="f">1a ed.</subfield>
    <subfield code="h">V.7</subfield>
    <subfield code="k">CS</subfield>
    <subfield code="l">0</subfield>
    <subfield code="o">RC81.A2 P74 1992</subfield>
    <subfield code="p">ENT000005204</subfield>
    <subfield code="r">2026-04-16 11:51:00</subfield>
    <subfield code="t">1</subfield>
    <subfield code="v">1.00</subfield>
    <subfield code="y">LIB</subfield>
  </datafield>
  <datafield tag="952" ind1=" " ind2=" ">
    <subfield code="1">0</subfield>
    <subfield code="2">lcc</subfield>
    <subfield code="4">0</subfield>
    <subfield code="7">0</subfield>
    <subfield code="a">LIC-012</subfield>
    <subfield code="b">LIC-012</subfield>
    <subfield code="c">CONSULTA</subfield>
    <subfield code="d">2026-04-16</subfield>
    <subfield code="f">1a ed.</subfield>
    <subfield code="h">V.8</subfield>
    <subfield code="k">CS</subfield>
    <subfield code="l">0</subfield>
    <subfield code="o">RC81.A2 P74 1992</subfield>
    <subfield code="p">ENT000005205</subfield>
    <subfield code="r">2026-04-16 11:51:00</subfield>
    <subfield code="t">1</subfield>
    <subfield code="v">1.00</subfield>
    <subfield code="y">LIB</subfield>
  </datafield>
  <datafield tag="952" ind1=" " ind2=" ">
    <subfield code="1">0</subfield>
    <subfield code="2">lcc</subfield>
    <subfield code="4">0</subfield>
    <subfield code="7">0</subfield>
    <subfield code="a">LIC-012</subfield>
    <subfield code="b">LIC-012</subfield>
    <subfield code="c">CONSULTA</subfield>
    <subfield code="d">2026-04-16</subfield>
    <subfield code="f">1a ed.</subfield>
    <subfield code="h">V.9 </subfield>
    <subfield code="k">CS</subfield>
    <subfield code="l">0</subfield>
    <subfield code="o">RC81.A2 P74 1992</subfield>
    <subfield code="p">ENT000005206</subfield>
    <subfield code="r">2026-04-16 11:51:00</subfield>
    <subfield code="t">1</subfield>
    <subfield code="v">1.00</subfield>
    <subfield code="y">LIB</subfield>
  </datafield>
</record>
